000 00720nam a2200229Ia 4500
003 OSt
005 20220923220432.0
006 a|||||r|||| 00| 0
007 ta
008 220922b |||||||| |||| 00| 0 hin d
024 _a186,597
037 _cTextual
040 _aARTS
_cARTS
_bhin
041 _2hin
_ahin
082 _aY:351.237, 152J4
100 _aभील, फूलजा भाई, संपा.
_9157691
245 0 _aराजस्थानी भीलों के लोक गीत
246 _aRājasthānī bhīloan ke lok gīta
260 _c1954
942 _hY:351.237, 152J4
_cTEXL
_2CC
999 _c339840
_d339840